[Event "Asia Nations online Cup"]
[Site "Chess.com INT"]
[Date "2020.10.16"]
[Round "5.17"]
[White "Seder, Mohamad"]
[Black "Kyaw, Myat Aung"]
[Result "1/2-1/2"]
[WhiteElo "1722"]
[BlackElo "1839"]
[PlyCount "71"]
[EventDate "2020.10.10"]
[EventType "team-swiss (rapid)"]
[EventRounds "9"]
[EventCountry "IND"]
[SourceTitle "CBM 198 Extra"]
[Source "ChessBase"]
[SourceDate "2020.11.30"]
[SourceVersion "1"]
[SourceVersionDate "2020.11.30"]
[SourceQuality "1"]
[WhiteTeam "Palestine"]
[BlackTeam "Myanmar"]
[WhiteTeamCountry "PLE"]
[BlackTeamCountry "MYA"]

1. e4 e5 2. Nf3 Nc6 3. Bb5 a6 4. Ba4 Nf6 5. d4 exd4 6. e5 Nd5 7. 0-0 Be7 8. Nxd4 Nxd4 9. Qxd4 Nb6 10. Bb3 0-0 11. Nc3 d6 12. exd6 Bxd6 13. Bf4 Bxf4 14. Qxf4 Qd6 15. Qxd6 cxd6 16. Rad1 Rd8 17. Rfe1 Kf8 18. a4 Bf5 19. Rd4 Rac8 20. Rb4 Nd7 21. Rxb7 Bg6 22. Ne4 Nc5 23. Nxc5 Rxc5 24. f3 Re5 25. Rd1 a5 26. Rb5 Re2 27. Kf1 Rde8 28. Rb7 Bxc2 29. Rxf7+ Kg8 30. Re7+ Bxb3 31. Rxe2 Bc4 32. Rde1 Rb8 33. Kf2 Bxe2 34. Rxe2 Kf7 35. Ke1 Rb4 36. Kd1 1/2-1/2

[Event "Asia Nations online Cup"]
[Site "Chess.com INT"]
[Date "2020.10.10"]
[Round "2.18"]
[White "Khonsavanh, Senglek"]
[Black "Kyaw, Myat Aung"]
[Result "0-1"]
[WhiteElo "1253"]
[BlackElo "1839"]
[PlyCount "78"]
[EventDate "2020.10.10"]
[EventType "team-swiss (rapid)"]
[EventRounds "9"]
[EventCountry "IND"]
[SourceTitle "CBM 198 Extra"]
[Source "ChessBase"]
[SourceDate "2020.11.30"]
[SourceVersion "1"]
[SourceVersionDate "2020.11.30"]
[SourceQuality "1"]
[WhiteTeam "Laos"]
[BlackTeam "Myanmar"]
[WhiteTeamCountry "LAO"]
[BlackTeamCountry "MYA"]

1. e4 e5 2. Nf3 Nc6 3. Bc4 Bc5 4. c3 Nf6 5. Qe2 d6 6. d4 exd4 7. Bg5 0-0 8. 0-0 Qe7 9. h3 h6 10. Bh4 Qxe4 11. Bxf6 Qxe2 12. Bxe2 gxf6 13. b4 Bb6 14. b5 d3 15. Bxd3 Ne5 16. Nxe5 fxe5 17. Nd2 Kg7 18. Rac1 Be6 19. c4 f5 20. Be2 Rad8 21. a4 e4 22. Nb3 Bc5 23. Kh1 f4 24. Bd1 Bf5 25. Bc2 Bg6 26. Rce1 Bb4 27. Rd1 Rfe8 28. Nd4 Bc3 29. Ne2 Be5 30. Nc1 c6 31. Rfe1 d5 32. cxd5 cxd5 33. Nb3 Bc3 34. Re2 Bh5 35. f3 exf3 36. Rxe8 Rxe8 37. Rd3 f2 38. Rf3 Bxf3 39. Bd3 Be2 0-1

[Event "Asia Nations online Cup"]
[Site "Chess.com INT"]
[Date "2020.10.10"]
[Round "1.9"]
[White "Kyaw, Myat Aung"]
[Black "Ganerdene, Sugar"]
[Result "0-1"]
[WhiteElo "1839"]
[BlackElo "2419"]
[PlyCount "142"]
[EventDate "2020.10.10"]
[EventType "team-swiss (rapid)"]
[EventRounds "9"]
[EventCountry "IND"]
[SourceTitle "CBM 198 Extra"]
[Source "ChessBase"]
[SourceDate "2020.11.30"]
[SourceVersion "1"]
[SourceVersionDate "2020.11.30"]
[SourceQuality "1"]
[WhiteTeam "Myanmar"]
[BlackTeam "Mongolia"]
[WhiteTeamCountry "MYA"]
[BlackTeamCountry "MGL"]

1. e4 c5 2. Nf3 d6 3. d4 cxd4 4. Nxd4 Nf6 5. Nc3 Nc6 6. Be2 e6 7. Be3 Be7 8. 0-0 0-0 9. f4 e5 10. Nb3 exf4 11. Rxf4 Ne5 12. Kh1 a6 13. a4 Be6 14. Nd4 Nfd7 15. Qf1 Qa5 16. Rb1 Bg5 17. b4 Qc7 18. Nd5 Bxd5 19. exd5 Bxf4 20. Qxf4 Rae8 21. Rf1 Ng6 22. Qg3 Nb6 23. Bd3 Nxd5 24. Bd2 Re5 25. Nf5 Nf6 26. Qf3 Re6 27. Bg5 Ne5 28. Qg3 Nh5 29. Qh4 Nxd3 30. cxd3 g6 31. Nh6+ Kg7 32. Ng4 Rfe8 33. Nf6 Nxf6 34. Bxf6+ Kg8 35. h3 h5 36. Qg5 Kh7 37. Ba1 Qe7 38. Qf4 Re1 39. Kh2 Rxf1 40. Qxf1 f6 41. Bd4 Kg7 42. Qf4 Rc8 43. h4 Rc2 44. Kg3 Qe6 45. Kh2 Rc7 46. b5 axb5 47. axb5 Rf7 48. Kg1 d5 49. Be3 Qe5 50. Qh6+ Kg8 51. Bf4 Qe1+ 52. Kh2 Qxh4+ 53. Kg1 Qg4 54. Bd6 Rg7 55. Qe3 Qd7 56. Bf4 Re7 57. Qd4 Qf5 58. Bg3 Kg7 59. b6 g5 60. Bd6 Re1+ 61. Kh2 h4 62. Bc7 Qf1 63. Kh3 Qh1+ 64. Bh2 Qf1 65. Bc7 Qf5+ 66. Kh2 g4 67. Bf4 g3+ 68. Bxg3 hxg3+ 69. Kxg3 Re2 70. Kh2 Qg5 71. Qg1 Qh4# 0-1